000 00222nam a2200097Ia 4500
008 190216s9999||||xx |||||||||||||| ||und||
100 _aSadee Devi
245 0 _aHindi-Vyavaharik Hindi
260 _bS Chand & Co
942 _cBK
999 _c15391
_d15391